000 00210 a2200097 4500
001 52793
100 _aHaugland V
245 _aEagle Squadrons
260 _aLondon
_bDavid & Charles
_c
090 _c33235
_d33235
942 _aNUST-CAE
_cM
_c25820
999 _c287866
_d287866